Riconosci gli Stati dal satellite - Quiz n°6 - Statistics

Statistiche generali
  • Questo quiz è stato fatto 6 volte
  • Il punteggio medio è 5 su 10
Statistiche sulle risposte
con Immagini Risposta % Corretto
Cile
100%
Giappone
100%
Islanda
100%
Kazakistan
40%
Kiribati
40%
Malawi
40%
Repubblica Democratica del Congo
40%
Thailandia
40%
Montenegro
20%
Saint Vincent e Grenadine
20%
Nessun quiz corrispondente trovato
Distribuzione punteggi
Percentuale di utenti per punteggio
Percentile per numero di risposta
I tuoi punteggi nel tempo
Non hai fatto questo quiz